000 00743cam a2200277u 4500
999 _c7028
_d7028
001 7028
003 BD-JhCC
005 20180417090620.0
008 821213s1961 maua j 000 0 eng
020 _a0669021512
035 _a(BD-JhCC)7028
040 _aDLC
_cCarP
_dDLC
_d(BD-JhCC)
041 _aeng
050 0 0 _aQ163
_b.S4518
082 _bBAR 1981
_a500
100 1 _aBarufaldi, James P.
245 1 0 _aHeath science /
_cJames P. Barufaldi, George T. Ladd and Alice Johnson Moses
250 _a2d ed.
260 _a[Boston,
_bHeath,
_c1961.]
300 _a8 v.
_billus.
_c24 cm.
650 0 _aScience
_vJuvenile literature.
700 _aLadd, George T.
700 _aMoses, Alice Johnson
942 _2ddc
_cBK